| 000 | 00480nam a22001697a 4500 | ||
|---|---|---|---|
| 003 | BD-DhUL | ||
| 005 | 20171122121617.0 | ||
| 008 | 171122snd. ii ||||| |||| 00| 0 per d | ||
| 040 |
_aBD-DhUL _cBD-DhUL |
||
| 082 |
_a891.551 _bWAK |
||
| 100 | 0 | _aوحشی کرمانی | |
| 245 | 0 |
_aکلیات مولانا وحشی کرمانی / _cوحشی کرمانی |
|
| 260 |
_a: _b، _c۔ |
||
| 300 |
_aمختلف صفات ؛ _c۲۲ سم۔ |
||
| 650 | 0 | _aPersian poetry | |
| 942 |
_2ddc _cBK |
||
| 999 |
_c232355 _d232355 |
||